| 000 | 00917cam a2200337 4500 | ||
|---|---|---|---|
| 008 | 090401t1996 xxu||||| |||| 00| 0 eng d | ||
| 020 | _a1860811043 | ||
| 035 | _a(Sirsi) u61868 | ||
| 041 | _aeng | ||
| 050 | _a333.720285 | ||
| 100 | _aAnderson, B.R. | ||
| 245 | _aBREDEM-12 model description. | ||
| 260 |
_aGarston, Watford _bBuilding Research Establishment _c1996 |
||
| 300 | _aii,82p. : ill. ; 30cm. | ||
| 350 | _a20 | ||
| 490 |
_aBRE Building Renewal _v315 |
||
| 650 | _aBRE DOMESTIC ENERGY MODEL | ||
| 650 | _aBREDEM | ||
| 650 | _aENERGY CONSERVATION | ||
| 650 | _aENERGY CONSUMPTION | ||
| 650 | _aHOUSING | ||
| 650 | _aMODELS | ||
| 690 | _aENVIRONMENTAL AND LAND CONSULTANCY-ENERGY | ||
| 700 | _aChapman, P.F. | ||
| 700 | _aCutland, N.G. | ||
| 700 | _aDickson, C.M. | ||
| 700 | _aShorrock, L. D. | ||
| 710 | _aBuilding Research Establishment | ||
| 942 | _n0 | ||
| 948 | _c04/03/1997 | ||
| 999 |
_c94356 _d94356 |
||